000
00302nam a2200121Ia 4500
008
190216s9999||||xx |||||||||||||| ||und||
100
_a
Abbas K A
245
0
_a
Indira Gandhi Return Of The Red Rose
260
_b
Orient Paper Back
_c
1968
300
_a
175p
650
_a
English Literature
942
_c
BK
999
_c
12092
_d
12092